| 000 | 00627nam a2200181 i 4500 | ||
|---|---|---|---|
| 001 | 45902 | ||
| 003 | ES-MaACL | ||
| 005 | 20230921110446.0 | ||
| 007 | t| | ||
| 008 | 030327s1959 sp ||||1| spa d | ||
| 110 | 2 |
_aComisión Española de Bibliografía y Terminología (Madrid) _93037 |
|
| 245 | 1 | 0 |
_aSistema Oxford de clasificación decimal para bibliografía forestal... / _cComisión Española de Bibliografía y Terminología. |
| 260 |
_aMadrid : _b[s.n., _c1959] ( _fTip. Artística) |
||
| 300 |
_a133 p. ; _c30 cm. |
||
| 852 |
_aES-MaACL _jC-29034 _bR.44614 _947614 |
||
| 942 | _2udc | ||
| 999 |
_c45902 _d45902 |
||